| 000 | 00466nam a2200193Ia 4500 | ||
|---|---|---|---|
| 005 | 20240823031913.0 | ||
| 008 | 240823s9999||||xx |||||||||||||| ||und|| | ||
| 020 | _a978-81-203-3687-2 | ||
| 041 | _aENGLISH | ||
| 082 | _A670.423 P9 | ||
| 100 | _aSuyambazhahan S | ||
| 245 | 0 | _aEngineering Practics Laboratory Manual | |
| 250 | _a1st | ||
| 260 |
_c2009 _b#VALUE! |
||
| 500 | _aYES | ||
| 650 |
_aLaboratory Manual _bMechanical |
||
| 942 | _cBK | ||
| 999 |
_c192176 _d192176 |
||